000 01089cam a2200301 i 4500
001 42679
003 Mx-PuUPA
005 20220827121555.0
008 140415s2018 mx gr 000 0 spa d
020 _a9786070299612
040 _aMx-PuUPA
_bspa
_cMx-PuUPA
_dMx-PuUPA
_erda
041 0 _aspa
100 1 _aPlá, Sebastián,
_d1970-
_eautor
_913186
245 1 0 _aCalidad educativa :
_bhistoria de una política para la desigualdad /
_cSebastián Plá
250 _aPrimera edición
264 1 _aMéxico, D.F. :
_bUniversidad Nacional Autónoma de México,
_c2018
300 _a444 páginas ;
_c23 cm
336 _2rdacontent
_atexto
_btxt
337 _2rdamedia
_asin medio
_bn
338 _2rdacarrier
_avolumen
_bnc
490 0 _aIISUE educación
650 7 _2armarc
_aIgualdad de oportunidades en educación
_zAmérica Latina
650 7 _2armarc
_aEducación
_zAmérica Latina
_xHistoria
942 _2ddc
_cLI
_h379.26098
_iP696
999 _c42679
_d42679